00511 2200193 4500001002100000005001700021008004100038035002500079082000800104084001700112100001100129245004900140250001100189260003400200300003100234650002300265850001200288990001700300INLIS00000000000812820150715080809.0  a0010-071500000000811 a793 aPK 793 Suy P aSUYADI aPermainan edukatif yang mencerdaskancSuyadi aCet. 1 aYogyakartabPower Booksc2009 a270 hlm. :bilus. ;c21 cm aPermainan edukatif aYOPDYOG a4456-PK/B-10